• 首页
  • 本馆介绍
  • 公告通知
  • 最新文献
  • 馆藏检索
  • 电子资源
  • 读者导购
  • 参考咨询
  • 我的图书馆
  • 登录
  • 详细信息显示
  • 放入我的书架
  • 预约/预借图书
  • 作者相关作品
  • 分类相关作品
  • 丛书相关作品
  • 出版社相关作品

书目信息

  • 表格格式
  • 工作单格式
  • 卡片格式
题名:
失效物理基础
    
 
作者: 盐见弘 著 ;杨家铿 译
分册:  
出版信息: 北京   科学出版社  1982
页数: 285页
开本: 21cm
丛书名:
单 册:
中图分类: TN06
科图分类:
主题词: 失效物理-电子技术 , 电子技术-失效物理
电子资源:
ISBN:
000 00682nam0 2200253 45
001 0182006494
005 20061123104025.14
010    @dCNY1.75
091    @aCN@b15031.444
100    @a19950425d1982 em y0chiy0121 ea
101 1  @achi@cjpn
102    @aCN@b110000
105    @ay z 000yy
200 10 @a失效物理基础@Ashi xiao wu li ji chu@f(日)盐见弘著@g杨家铿等译
210    @a北京@c科学出版社@d1982
215    @a285页@d21cm
606    @a失效物理-电子技术
606    @a电子技术-失效物理
690    @aTN06@v3 
701  0 @a盐见弘@Ayan jian hong@4著
702  0 @a杨家铿@Ayang jia keng@4译
801  2 @aCN@bNLC@c20061123
801  0 @aCN@bTSSF
905    @a10447@dTN06@e11
    
    失效物理基础/(日)盐见弘著/杨家铿等译.-北京:科学出版社,1982
    285页;21cm
    
    
    ISBN :CNY1.75
    
●
相关链接 在E读中查询图书 在五车中查询图书 在当当中查询图书 在豆瓣中查询图书


正题名:失效物理基础     索取号:TN06/11         预约/预借

序号 登录号 条形码 馆藏地/架位号 状态 备注
1 0080279   001347901   第二样本阅览室/ [索取号:TN06/11] 在馆    
唐山师范学院图书馆 欢迎您!
大连网信软件有限公司© 版权所有